00911nam a22002297a 4500008004100000020001500041020001800056040001800074041000800092100004000100245004800140260006900188300003700257504005300294650001800347650002600365650002700391650002300418856007900441856008100520856008000601130821s2008 xxua gr eng  a0470171324 a9780470171325 aCo-BoUCMbspa00aeng1 aBarron, E. N.q(Emmanual N.)d1949-10aGame theory an introductioncE. N. Barron. aHoboken (Nueva Jersey, Estados Unidos)bWiley-Intersciencec2008 axx, 415 páginasbilustraciones aIncluye referencias bibliográficas e índice.04aMatemáticas04aModelos matemáticos04aTeoría de los juegos04aToma de decisiones413Contenidouhttp://www.loc.gov/catdir/enhancements/fy0739/2007029091-t.html423Biografíauhttp://www.loc.gov/catdir/enhancements/fy0806/2007029091-b.html423Publicadoruhttp://www.loc.gov/catdir/enhancements/fy0739/2007029091-d.html